00550nam a2200193 a 450000100060000000300090000600800410001502000150005604000280007108200180009910000290011724500650014626000300021130000110024149000330025250500190028565000250030465000270032915278CO-ViMGA141112s2004 ck r 000 u spa d a9586903524 aCO-ViMGAbspacCO-ViMGA04a346.023 C656c1 aMorales Restrepo, Didier10aEstatuto de contratación administrativa : bLey 80 de 1993 aBogotá, cLeyer, c2002 a438.p. aColección códigos Brevis aLey 80 de 199314aCONTRATOS PÚBLICOS14aDERECHO ADMINISTRATIVO